000 00711nam a2200253Ia 4500
003 OSt
005 20221006150943.0
006 a|||||r|||| 00| 0
007 ta
008 221006b |||||||| |||| 00| 0 jpn d
024 _a20,343
037 _bGift, Japan Foundation
_cTextual
040 _aEASL
_cEASL
_bjpn
041 _2jpn
_ajpn
082 _aXv42.N75, L8
100 _aNAKAMURA TAKAFUSA
_9263096
245 0 _aNihon keizai - Sono seicho to kozo
260 _aTokyo
_bTokyo Daigaku Shuppankai Japan
_c1978
300 _a325p.
_ccm.
490 _v JL
650 _aJL
942 _hXv42.N75, L8
_cTEXL
_2CC
999 _c1088429
_d1088429